Una rosa encendida

Shranjeno v:
Bibliografske podrobnosti
Glavni avtor: González Villanueva, Gustavo
Format: Knjiga
Jezik:Undetermined
Izdano: San José, Costa Rica Promesa 1991
Teme:
Oznake: Označite
Brez oznak, prvi označite!

MARC

LEADER 00000nam a2200000Ia 4500
008 170316s9999 xx 000 0 und d
040 |a cru BVZT 
090 |a 860 G-25u 
100 |a González Villanueva, Gustavo 
245 |a Una rosa encendida 
260 |a San José, Costa Rica 
260 |b Promesa 
260 |c 1991 
300 |a 67 páginas 
650 |a LITERATURA LATINOAMERICANA 
999 |c 8751  |d 8751 
942 |c 15 D  |h 860 G-25u  |2 z